01129nam a2200241Ia 4500003000900000008004100009020001800050040001600068080002300084111009100107245025400198260004800452300001600500650003300516650004100549650002600590700003500616700003100651710003800682942000700720999001700727952014300744IN-BaIIA211028s9999 xx 000 0 eng d a0-521-41295-1 cIIA Library a524.74(082.2)bVAR aConference on Variability of Active Galactic NucleicGeorgiad1990 May 2-4917590 0aVariability of active galactic nucleibproceedings of a conference on variability of active galactic nuclei, held in Georgia State University, May 2-4, 1990cedited by H. Richard Miller and Paul J. Wiita  aCambridgebCambridge University Pressc1991 axiii, 387p. aActive galactic nuclei96209 aAstronomy and astrophysics thesaurus aGalactic nuclei93453 aMiller, H. Richard, ed.917591 aWiita, Paul J., ed.917592 aNational Science foundation96334 cBK c10352d10352 00104070aBANbBANcGENd1992-04-24g1921.50l1o524.74(082.2)/ VARp11262r2023-06-05s2023-05-04v1921.50w1992-04-24yBKGRs. 1921.50